000 00783nam a2200229 a 4500
001 39109
003 BD-RjUL
005 20211209052923.0
008 160404s1998 bg a ||e |||| 00| 1 ben d
020 _a9845550057
_c: Tk. 100.00
035 _a(BD-RjUL)39221
040 _aBD-RjUL
_bben
_cBD-RjUL
_dBD-RjUL
041 _aben
082 _223
_a891.442
_bAHS 1998
100 _aআহমদ, সাঈদ
_9120689
245 1 0 _aশেষ নবাব /
_cসাঈদ আহমদ
260 _aঢাকা :
_bবাংলাদেশ শিল্পকলা একাডেমী,
_c১৯৯৮
300 _a১০৭ পৃ. :
_bচিত্র ;
_c২৩ সেমি.
650 _aবাংলা নাটক
_9120690
650 _aBengali Drama
_9120691
942 _2ddc
_cBK
999 _c39109
_d39109